书目信息 |
| 题名: |
大学英语阅读与欣赏
|
|
| 作者: | 杨欣欣 , 郭银玲 主编 | |
| 分册: | ||
| 出版信息: | 郑州 河南人民出版社 2006 |
|
| 页数: | 308页 | |
| 开本: | 23cm | |
| 丛书名: | ||
| 单 册: | ||
| 中图分类: | H319.4 | |
| 科图分类: | ||
| 主题词: | 英语--阅读教学--高等学校--教材 , 阅读教学 , 英语 | |
| 电子资源: | ||
| ISBN: | 7-215-06031-4 | |
| 000 | 00889nam0 2200277 450 | |
| 001 | 070730001010 | |
| 005 | 20071015100838.53 | |
| 010 | @a7-215-06031-4@dCNY25.00 | |
| 035 | @a003270290 | |
| 100 | @a20060104d2006 em y0chiy0110 ea | |
| 101 | 0 | @achi@aeng |
| 102 | @aCN@b410000 | |
| 105 | @aa z 000yy | |
| 200 | 1 | @a大学英语阅读与欣赏@Ada xue ying yu yue du yu xin shang@dSelected reading of English works for college learners@f杨欣欣,郭银玲主编@zeng |
| 210 | @a郑州@c河南人民出版社@d2006 | |
| 215 | @a308页@c图@d23cm | |
| 300 | @a高等院校英语教材 | |
| 510 | 1 | @aSelected reading of English works for college learners@zeng |
| 606 | 0 | @a英语@x阅读教学@x高等学校@j教材 |
| 606 | 0 | @x阅读教学 |
| 606 | 0 | @a英语 |
| 690 | @aH319.4@v4 | |
| 701 | 0 | @a杨欣欣@Ayang xin xin@c(翻译)@4主编 |
| 701 | 0 | @a郭银玲@Aguo yin ling@4主编 |
| 801 | 0 | @aCN@c20071015 |
| 905 | @dH319.4@eY300 | |
| 大学英语阅读与欣赏=Selected reading of English works for college learners/杨欣欣,郭银玲主编.-郑州:河南人民出版社,2006 |
| 308页:图;23cm |
| 高等院校英语教材 |
| ISBN 7-215-06031-4:CNY25.00 |
| ● |
| 相关链接 |
|
|
|
正题名:大学英语阅读与欣赏
索取号:H319.4/Y300
 
预约/预借
| 序号 | 登录号 | 条形码 | 馆藏地/架位号 | 状态 | 备注 |
| 1 | 652195 | 206521959 | 语言库209/209语言库 50排4列3层/ [索取号:H319.4/Y300] | 在馆 | |
| 2 | 652196 | 206521968 | 语言库209/209语言库 50排4列3层/ [索取号:H319.4/Y300] | 在馆 | |
| 3 | 652197 | 206521977 | 语言库209/209语言库 50排4列3层/ [索取号:H319.4/Y300] | 在馆 |